[Event "Desafio Xadrezbr!"]
[Site "http://www.queenalice.com/game.php?id=72008"]
[Date "2006.5.26"]
[Round "-"]
[White "souzabr"]
[Black "Xadrezbr"]
[Result "1-0"]
[WhiteElo "1997"]
[BlackElo "2088"]

1. e4 e5 2. Bc4 Nf6 3. Nf3 Nxe4 4. Nc3 Nxc3 5. dxc3 f6 6. Nh4 g6 7. f4 Qe7 8. f5
c6 9. fxg6 d5 10. Qh5 Qg7 11. Be2 hxg6 12. Qxg6+ Kd8 13. g3 Rg8 14. Qxg7 Bxg7
15. O-O b6 16. c4 dxc4 17. Bxc4 Rf8 18. Ng6 Re8 19. Bf7 Na6 20. Be3 Bd7 21. Rad1
Kc7 22. Bxe8 Rxe8 23. c3 Be6 24. Rd2 Rd8 25. Rfd1 1-0

[Event "AUTO-ELITE-64"]
[Site "http://www.queenalice.com/game.php?id=79020"]
[Date "2006.6.21"]
[Round "1"]
[White "franzjonas"]
[Black "souzabr"]
[Result "0-1"]
[WhiteElo "1583"]
[BlackElo "1987"]

1. e4 e5 2. Nf3 Nc6 3. Bd3 Nf6 4. Nc3 Bc5 5. Na4 Be7 6. b3 d5 7. exd5 Nxd5 8.
Bb5 O-O 9. Bxc6 bxc6 10. Nxe5 Bd6 11. Bb2 Bxe5 12. Bxe5 Re8 13. d4 f6 14. Qe2
Qe7 15. c4 Nf4 16. Qe4 fxe5 17. O-O Ng6 18. Qxc6 Bd7 19. Qd5+ Be6 20. Qc5 exd4
21. Qxd4 Rad8 22. Qxa7 Nf4 23. g3 Nh3+ 24. Kh1 Bg4 25. f3 Qe2 26. Qb7 Rd2 27.
Qd5+ Rxd5 28. cxd5 Qxf3+ 29. Rxf3 Bxf3# 0-1

[Event "AUTO-ELITE-64"]
[Site "http://www.queenalice.com/game.php?id=79021"]
[Date "2006.6.21"]
[Round "1"]
[White "souzabr"]
[Black "franzjonas"]
[Result "1-0"]
[WhiteElo "1839"]
[BlackElo "1783"]

1. e4 d5 2. exd5 Qxd5 3. Nc3 Qc6 4. Bb5 Be6 5. Nf3 Bc4 6. Bxc6+ Nxc6 7. d3 Rd8
8. Qe2 Bd5 9. Nxd5 Rxd5 10. O-O Rf5 11. Qe4 Rc5 12. Be3 Rxc2 13. Rfc1 Rxb2 14.
Rab1 Rxb1 15. Rxb1 Nf6 16. Qa4 Kd7 17. Rxb7 Kd6 18. Bc5+ Kxc5 19. Rxc7 Kb6 20.
Rxc6+ Kb7 21. Qb5+ Ka8 22. Rc8# 1-0

[Event "AUTO-ELITE-64"]
[Site "http://www.queenalice.com/game.php?id=79036"]
[Date "2006.6.21"]
[Round "1"]
[White "souzabr"]
[Black "losloper"]
[Result "0-1"]
[WhiteElo "2052"]
[BlackElo "2404"]

1. e4 c5 2. Nf3 d6 3. d4 cxd4 4. Nxd4 Nf6 5. Nc3 a6 6. Be3 e5 7. Nb3 Be6 8. f3
Be7 9. Qd2 O-O 10. O-O-O b5 11. g4 b4 12. Nd5 Bxd5 13. exd5 a5 14. Nc5 a4 15. g5
Nfd7 16. Ne4 b3 17. cxb3 axb3 18. a3 Na6 19. Kb1 Qb8 20. Rc1 Qb7 21. Rc6 Nab8
22. Rc3 Na6 23. Bc4 Rac8 24. Rxb3 Qa8 25. Rc1 Nac5 26. Rb4 Nxe4 27. fxe4 Nc5 28.
Bb5 Rb8 29. Bc6 Qa6 0-1

[Event "AUTO-ELITE-64"]
[Site "http://www.queenalice.com/game.php?id=79037"]
[Date "2006.6.21"]
[Round "1"]
[White "losloper"]
[Black "souzabr"]
[Result "1-0"]
[WhiteElo "2392"]
[BlackElo "2023"]

1. e4 e5 2. Nc3 Nf6 3. f4 d5 4. fxe5 Nxe4 5. Nf3 Be7 6. Qe2 f5 7. d3 Nxc3 8.
bxc3 O-O 9. g3 Nc6 10. Bg2 d4 11. c4 Bb4+ 12. Bd2 Bxd2+ 13. Qxd2 Re8 14. O-O
Nxe5 15. Nxe5 Rxe5 16. Rae1 Rxe1 17. Qxe1 c6 18. Qe5 Kf7 19. Re1 a5 20. c5 a4
21. g4 g6 22. g5 Ra5 23. h4 a3 24. h5 1-0

[Event "AUTO-ELITE-64"]
[Site "http://www.queenalice.com/game.php?id=79038"]
[Date "2006.6.21"]
[Round "1"]
[White "souzabr"]
[Black "Number9"]
[Result "1-0"]
[WhiteElo "1934"]
[BlackElo "1988"]

1. e4 e5 2. Nf3 Nc6 3. d4 exd4 4. Nxd4 Bc5 5. Nxc6 bxc6 6. Bc4 Nf6 7. Nc3 O-O 8.
O-O Re8 9. Qf3 Bd4 10. Bd2 Rb8 11. Rae1 Rxb2 12. Qd3 Bxc3 13. Bxc3 Rb8 14. Re3
1-0

[Event "AUTO-ELITE-64"]
[Site "http://www.queenalice.com/game.php?id=79039"]
[Date "2006.6.21"]
[Round "1"]
[White "Number9"]
[Black "souzabr"]
[Result "0-1"]
[WhiteElo "1988"]
[BlackElo "1896"]

1. d4 Nf6 2. c4 e6 3. Nc3 Bb4 4. Qc2 O-O 5. a3 Bxc3+ 6. Qxc3 b6 7. Bg5 Bb7 8. e3
d6 9. Nf3 Nbd7 10. Be2 Qe8 11. O-O Ne4 12. Qd3 f5 13. b4 a5 14. Bh4 Qh5 15. b5
Ndf6 16. Rad1 Rae8 0-1

[Event "AUTO-ELITE-72"]
[Site "http://www.queenalice.com/game.php?id=83171"]
[Date "2006.7.6"]
[Round "1"]
[White "souzabr"]
[Black "bruno_santiago"]
[Result "1-0"]
[WhiteElo "1967"]
[BlackElo "1866"]

1. e4 e5 2. Nf3 Nc6 3. Bb5 a6 4. Bxc6 dxc6 5. O-O Bg4 6. h3 h5 7. d3 Qf6 8. Nbd2
Ne7 9. Re1 Ng6 10. d4 exd4 11. e5 Nxe5 12. hxg4 hxg4 13. Nxe5 O-O-O 14. Qxg4+
Kb8 15. Nd7+ Rxd7 16. Qxd7 1-0

[Event "AUTO-ELITE-72"]
[Site "http://www.queenalice.com/game.php?id=83172"]
[Date "2006.7.6"]
[Round "1"]
[White "bruno_santiago"]
[Black "souzabr"]
[Result "0-1"]
[WhiteElo "2049"]
[BlackElo "2031"]

1. Nf3 Nf6 2. g3 b6 3. Bg2 Bb7 4. O-O c5 5. c3 Nc6 6. d4 e6 7. Ne5 Be7 8. e4 O-O
9. Nxc6 dxc6 10. Be3 Ba6 11. Re1 Qc7 12. dxc5 Rfd8 13. Qa4 Bd3 14. Nd2 Ng4 15.
Nf1 bxc5 16. h3 Nxe3 17. Nxe3 Rab8 18. b3 Bb5 19. Qa3 c4 20. Qb2 h5 21. Qc2 cxb3
22. axb3 Bd3 23. Qa2 Bf6 24. Rec1 Rd7 25. Qb2 h4 26. g4 Qf4 27. Ra4 Be5 0-1

[Event "AUTO-ELITE-72"]
[Site "http://www.queenalice.com/game.php?id=83173"]
[Date "2006.7.6"]
[Round "1"]
[White "souzabr"]
[Black "alib2004"]
[Result "1-0"]
[WhiteElo "1987"]
[BlackElo "1772"]

1. e4 c5 2. Nf3 Nc6 3. d4 cxd4 4. Nxd4 Nf6 5. Nc3 a6 6. Nxc6 bxc6 7. e5 Ng8 8.
Bd3 g6 9. Bf4 Bg7 10. O-O e6 11. Ne4 Ne7 12. Nd6+ Kf8 13. h4 Nf5 14. Bxf5 exf5
15. h5 Qh4 16. Qd4 Qxh5 17. Nxc8 Rxc8 18. Qxd7 Re8 19. e6 Rxe6 20. Qd8+ Re8 21.
Bd6+ 1-0

[Event "AUTO-ELITE-72"]
[Site "http://www.queenalice.com/game.php?id=83174"]
[Date "2006.7.6"]
[Round "1"]
[White "alib2004"]
[Black "souzabr"]
[Result "0-1"]
[WhiteElo "1784"]
[BlackElo "1870"]

1. e4 e5 2. Nf3 Nc6 3. Bc4 Bc5 4. O-O Nf6 5. Re1 O-O 6. c3 Nxe4 7. Bxf7+ Rxf7 8.
Re2 Nxf2 9. Rxf2 Bxf2+ 10. Kxf2 e4 11. d4 d5 12. Be3 Bg4 13. Nd2 Qh4+ 0-1

[Event "AUTO-ELITE-72"]
[Site "http://www.queenalice.com/game.php?id=83175"]
[Date "2006.7.6"]
[Round "1"]
[White "souzabr"]
[Black "Lukius"]
[Result "1/2-1/2"]
[WhiteElo "2021"]
[BlackElo "2234"]

1. e4 c5 2. Nf3 d6 3. d4 cxd4 4. Nxd4 Nf6 5. Nc3 a6 6. Be3 e5 7. Nb3 Be6 8. f3
Be7 9. Qd2 O-O 10. O-O-O Nbd7 11. g4 b5 12. g5 b4 13. gxf6 bxc3 14. Qxc3 Nxf6
15. Na5 Qd7 16. Nc6 Rfc8 17. Nxe7+ Qxe7 18. Qa5 Bc4 19. Bg2 Rab8 20. b3 Qe6 21.
Rhg1 Bxb3 22. axb3 Rxb3 23. Qxa6 Rxe3 24. Rxd6 Rxc2+ 25. Kxc2 Qb3+ 26. Kd2 Nxe4+
27. fxe4 Qc3+ 1/2-1/2

[Event "AUTO-ELITE-72"]
[Site "http://www.queenalice.com/game.php?id=83176"]
[Date "2006.7.6"]
[Round "1"]
[White "Lukius"]
[Black "souzabr"]
[Result "1-0"]
[WhiteElo "2263"]
[BlackElo "2060"]

1. e4 e5 2. Nf3 Nc6 3. Bb5 Nd4 4. Nxd4 exd4 5. O-O Bc5 6. d3 c6 7. Ba4 d6 8. Nd2
Nf6 9. Nb3 O-O 10. Nxc5 dxc5 11. Qf3 Re8 12. Bg5 h6 13. Bxf6 Qxf6 14. Qxf6 gxf6
15. Bb3 a5 16. a4 Ra6 17. f4 Rb6 18. f5 c4 19. Bxc4 Rxb2 20. Bb3 b6 21. Kf2 Ba6
22. Rfd1 Kg7 23. Kf3 Kf8 24. g4 Kg7 25. Kf4 Re5 26. h4 Re8 27. Rab1 Rxb1 28.
Rxb1 b5 29. g5 hxg5+ 30. hxg5 fxg5+ 31. Kxg5 bxa4 32. f6+ Kf8 33. Bxa4 Bb5 34.
Ra1 Bxa4 35. Rxa4 Ra8 36. Kf5 Kg8 37. Ke5 Kh7 38. Kxd4 Kg6 39. Ke5 c5 40. c4
Re8+ 41. Kd6 Rd8+ 42. Ke7 Ra8 43. Ra2 Ra7+ 44. Kd6 Kxf6 45. Kxc5 a4 46. d4 1-0

[Event "AUTO-OPEN-272"]
[Site "http://www.queenalice.com/game.php?id=105429"]
[Date "2006.9.13"]
[Round "2"]
[White "ricardoshima"]
[Black "souzabr"]
[Result "1-0"]
[WhiteElo "1899"]
[BlackElo "2020"]

1. e4 c5 2. Nf3 d6 3. d4 cxd4 4. Nxd4 Nf6 5. Bd3 Nc6 6. Nxc6 bxc6 7. Nc3 g6 8.
O-O Bg7 9. Bg5 O-O 10. h3 Rb8 11. Rb1 Be6 12. b3 Qc7 13. Qd2 Rbd8 14. Rfe1 Rfe8
15. Ne2 d5 16. exd5 Nxd5 17. Red1 1-0

[Event "AUTO-OPEN-272"]
[Site "http://www.queenalice.com/game.php?id=105430"]
[Date "2006.9.13"]
[Round "2"]
[White "souzabr"]
[Black "ricardoshima"]
[Result "1-0"]
[WhiteElo "2049"]
[BlackElo "1904"]

1. e4 e5 2. Nf3 Nc6 3. Bb5 a6 4. Bxc6 dxc6 5. O-O Bg4 6. h3 h5 7. d3 Qf6 8. Nbd2
Ne7 9. Re1 Ng6 10. d4 Bxf3 11. Nxf3 O-O-O 12. Bg5 Rxd4 13. Qxd4 1-0

[Event "AUTO-OPEN-272"]
[Site "http://www.queenalice.com/game.php?id=105433"]
[Date "2006.9.13"]
[Round "2"]
[White "msmeyer"]
[Black "souzabr"]
[Result "1-0"]
[WhiteElo "1544"]
[BlackElo "2050"]

1. d4 Nf6 2. f3 d5 3. e4 c5 4. Bb5+ Nc6 5. e5 Ng8 6. f4 cxd4 7. Bxc6+ bxc6 8.
Qxd4 Nh6 9. Nf3 e6 10. f5 Nxf5 11. Qd2 Ba6 12. Ng5 Qb6 13. Nc3 Bb4 14. a3 Be7
15. Na4 Bxg5 16. Qxg5 Qa5+ 17. Nc3 1-0

[Event "AUTO-OPEN-272"]
[Site "http://www.queenalice.com/game.php?id=105434"]
[Date "2006.9.13"]
[Round "2"]
[White "souzabr"]
[Black "msmeyer"]
[Result "1-0"]
[WhiteElo "2060"]
[BlackElo "1510"]

1. e4 d6 2. d4 Nf6 3. Nc3 Bg4 4. f3 Bd7 5. e5 dxe5 6. dxe5 Ng8 7. Bf4 Nc6 8. Qd2
e6 9. O-O-O Nb4 10. a3 h6 11. axb4 Bxb4 12. Nh3 f6 13. Qd3 g5 14. exf6 gxf4 15.
Qg6+ Kf8 16. Qg7+ Ke8 17. f7+ Ke7 18. f8+=Q# 1-0